LEADER 00695nam a2200205 i 4500 001 000000228089 003 CaOOAMICUS 005 20140318000000.0 008 140318s1888 it u000 u ita u 013 $a206991 040 $aSeMil$bita 245 10$aVol. 6. 300 $a250 p. 500 $aFondo Bidoglio. 773 0 $aScotton, Gottardo <1845-1916>$tVangelo studiato minutamente dal parroco.$dBassano : Premiato stabil. tipogr. Sante Pozzato, 1886-1890.$g6$w()14748 850 $aSeMil 852 $aSeMil$W1$xVenegono$y1$m2Y I 12 FA$j178435$B178435$CSeMilBibl$Z2$F189328 $8I 941 1 $a2 961 $aLascito: Bidoglio don Maurizio 996 $6245$aVol. 6$9(OLS)http://semarc/title/108698 LEADER 01142nam a2200217 i 4500 001 000000229179 003 CaOOAMICUS 005 20140429000000.0 008 140429s1887 it u000 u mul u 013 $a208081 040 $aSeMil$bita 100 1 $aMajocchi, Rodolfo,$c.$0(OLS)http://semarc/name/79162 245 13$aLa dottrina dei dodici apostoli :$bdocumento del primo secolo della Chiesa /$cpubblicato nel suo testo originale con versione e commenti del sacerdote Rodolfo Majocchi. 250 $aEdizione 2. corretta ed ampliata. 260 $aModena :$bTip. Pontificia ed Arcivescovile dell'Immacolata Concezione,$c1887. 300 $a288 p. ;$c22 cm. 500 $aRaccolta di scritti già pubblicati sulla riv. Scuola cattolica (Milano), fasc. genn.-maggio 1885. 850 $aSeMil 852 $aSeMil$W1$xVenegono$y1$m2V II 38 FA$j179525$B179525$CSeMilBibl$Z2$F190629 $8I 996 $6245$aLa dottrina dei dodici apostoli :$bdocumento del primo secolo della Chiesa$9(OLS)http://semarc/title/327853 996 $6260$aModena :$bTip. Pontificia ed Arcivescovile dell'Immacolata Concezione$9(OLS)http://semarc/publisher/32420 LEADER 00982nam a2200217 i 4500 001 000000204537 003 CaOOAMICUS 005 20110729000000.0 008 110729s1939 it u000 u ita u 013 $a183264 040 $aSeMil$bita 100 1 $aBazzetta de Vemenia, Nino.$0(OLS)http://semarc/name/73735 245 12$aI caffè storici d'Italia da Torino a Napoli :$bFigure. Ambienti. Aneddoti. Epigrammi. /$cNino Bazzetta de Vemenia. 260 $aMilano :$bCeschina,$c1939. 300 $a265 p., [20] p. di tav. ;$c21 cm. 500 $aIn mezzo al front : Con illustrazioni e ritratti. 650 4$aCaffé storici - Italia.$0(OLS)http://semarc/subject/38525 850 $aSeMil 852 $aSeMil$W1$xVenegono$y1$m3V IV 55$j155031$B155031$CSeMilBibl$Z2$F165934 $81 996 $6245$aI caffè storici d'Italia da Torino a Napoli :$bFigure. Ambienti. Aneddoti. Epigrammi.$9(OLS)http://semarc/title/296346 996 $6260$aMilano :$bCeschina$9(OLS)http://semarc/publisher/30279